<?xml version="1.0" encoding="UTF-8"?>
<record
    xmlns:xsi="http://www.w3.org/2001/XMLSchema-instance"
    xsi:schemaLocation="http://www.loc.gov/MARC21/slim http://www.loc.gov/standards/marcxml/schema/MARC21slim.xsd"
    xmlns="http://www.loc.gov/MARC21/slim">

  <leader>01944cab a2200337Ia 45 0</leader>
  <controlfield tag="001">u204806</controlfield>
  <controlfield tag="003">SIRSI</controlfield>
  <controlfield tag="008">130519s2003    ua     ss b         eng d</controlfield>
  <datafield tag="040" ind1=" " ind2=" ">
    <subfield code="a">EAL</subfield>
  </datafield>
  <datafield tag="041" ind1=" " ind2=" ">
    <subfield code="a">eng</subfield>
    <subfield code="b">ara</subfield>
  </datafield>
  <datafield tag="090" ind1=" " ind2=" ">
    <subfield code="a">ART BFACU V54 NO2  4</subfield>
  </datafield>
  <datafield tag="100" ind1="1" ind2=" ">
    <subfield code="a"> Naguib, N. Y., </subfield>
  </datafield>
  <datafield tag="240" ind1="1" ind2="0">
    <subfield code="a">Bulletin of Faculty of Agriculture. Cairo University, 2003 v. 54 (2)</subfield>
    <subfield code="h">[electronic resource].</subfield>
  </datafield>
  <datafield tag="245" ind1="1" ind2="0">
    <subfield code="a">The influence of indole acetic acid, phenylalanine and methionine on the growth, amino acid and alkaloid production of periwinkle (Catharanthus roseus. G. Donn) plants</subfield>
    <subfield code="h">[electronic resource].</subfield>
  </datafield>
  <datafield tag="246" ind1="1" ind2="5">
    <subfield code="a">&#x62A;&#x62C;&#x627;&#x631;&#x628; &#x639;&#x644;&#x649; &#x62A;&#x623;&#x62B;&#x64A;&#x631; &#x625;&#x646;&#x62F;&#x648;&#x644; &#x62D;&#x627;&#x645;&#x636; &#x627;&#x644;&#x62E;&#x644;&#x64A;&#x643; &#x648;&#x627;&#x644;&#x641;&#x646;&#x64A;&#x644; &#x623;&#x644;&#x627;&#x646;&#x64A;&#x646; &#x648;&#x627;&#x644;&#x645;&#x62B;&#x64A;&#x648;&#x646;&#x64A;&#x646; &#x639;&#x644;&#x649; &#x627;&#x644;&#x646;&#x645;&#x648; &#x648;&#x627;&#x644;&#x623;&#x62D;&#x645;&#x627;&#x636; &#x627;&#x644;&#x623;&#x645;&#x64A;&#x646;&#x64A;&#x629; &#x648;&#x625;&#x646;&#x62A;&#x627;&#x62C; &#x627;&#x644;&#x642;&#x644;&#x648;&#x64A;&#x62F;&#x627;&#x62A; &#x641;&#x649; &#x646;&#x628;&#x627;&#x62A; &#x627;&#x644;&#x648;&#x64A;&#x646;&#x643;&#x627; Catharanthus roseus. G. Don.</subfield>
  </datafield>
  <datafield tag="300" ind1=" " ind2=" ">
    <subfield code="a">p.217-238</subfield>
  </datafield>
  <datafield tag="504" ind1=" " ind2=" ">
    <subfield code="a">Includes references.</subfield>
  </datafield>
  <datafield tag="520" ind1=" " ind2=" ">
    <subfield code="a">Two field trials were conducted at the Experimental Farm of Medicinal and Aromatic Plants of the NRC, Dokki, Giza, Egypt, during the two successive seasons 1998 and 1999. Cultivation of the seeds of Catharanthus roseus G. Don. in the nursery was performed on 14th of February then transplanted on 15th of April in both seasons. The trials included three times of foliar application of indole acetic acid (IAA), phenylalanine or methionine at 50 or 100 ppm levels on the plants.</subfield>
  </datafield>
  <datafield tag="546" ind1=" " ind2=" ">
    <subfield code="a">Summary in Arabic.</subfield>
  </datafield>
  <datafield tag="650" ind1=" " ind2="0">
    <subfield code="a">Alkaloids.</subfield>
  </datafield>
  <datafield tag="650" ind1=" " ind2="0">
    <subfield code="a">Plant tissue culture.</subfield>
  </datafield>
  <datafield tag="650" ind1=" " ind2="0">
    <subfield code="a">Amino acid.</subfield>
  </datafield>
  <datafield tag="650" ind1=" " ind2="0">
    <subfield code="a">Medicinal plants.</subfield>
  </datafield>
  <datafield tag="650" ind1=" " ind2="0">
    <subfield code="a">Catharanthus roseus</subfield>
    <subfield code="x">Fertilization.</subfield>
  </datafield>
  <datafield tag="650" ind1=" " ind2="0">
    <subfield code="a">Aromatic plants</subfield>
    <subfield code="x">Physiology.</subfield>
  </datafield>
  <datafield tag="700" ind1="1" ind2=" ">
    <subfield code="a">Khalil,  M. Y.</subfield>
  </datafield>
  <datafield tag="700" ind1="1" ind2=" ">
    <subfield code="a">El-Sherbeny, S. E.</subfield>
  </datafield>
  <datafield tag="773" ind1="0" ind2=" ">
    <subfield code="t">The Bulletin Faculty of Agriculture, Cairo University. </subfield>
    <subfield code="g">2003.v.54(2)</subfield>
    <subfield code="x">0526-8613</subfield>
    <subfield code="7">nnas</subfield>
    <subfield code="w">u158095</subfield>
  </datafield>
  <datafield tag="856" ind1="4" ind2="0">
    <subfield code="u">http://nile.enal.sci.eg/EALE/2003/BFACU/5403/3/217.pdf</subfield>
    <subfield code="z">Full Text Article</subfield>
  </datafield>
  <datafield tag="596" ind1=" " ind2=" ">
    <subfield code="a">1</subfield>
  </datafield>
  <datafield tag="942" ind1=" " ind2=" ">
    <subfield code="c">AR</subfield>
    <subfield code="2">lcc</subfield>
  </datafield>
  <datafield tag="999" ind1=" " ind2=" ">
    <subfield code="c">55868</subfield>
    <subfield code="d">55868</subfield>
  </datafield>
</record>
